Diagnóstico de las micro, pequeñas y medianas empresas en distritos de Orotina, Montes de Oro, El Roble, Barranca, Chacarita, Puntarenas, Esparza y Jacó /
El presente trabajo muestra una serie de variables e indicadores empresariales que ofrecen un panorama general de las micros, pequeñas y medianas empresas (mipymes) de varios distritos y cantones de la región Pacífico Central. El objetivo es diagnosticar la situación empresarial de las "mipymes...
Guardat en:
| Autor principal: | |
|---|---|
| Altres autors: | |
| Format: | Text |
| Matèries: | |
| Etiquetes: |
Afegir etiqueta
Sense etiquetes, Sigues el primer a etiquetar aquest registre!
|
MARC
| LEADER | 00000 a a2200000 04500 | ||
|---|---|---|---|
| 001 | 45794 | ||
| 003 | |||
| 040 | |||
| 100 | |a Chen Mok, Susan | ||
| 245 | |a Diagnóstico de las micro, pequeñas y medianas empresas en distritos de Orotina, Montes de Oro, El Roble, Barranca, Chacarita, Puntarenas, Esparza y Jacó / |c Susan Chen Mok, Kathia García Cousin | ||
| 520 | |a El presente trabajo muestra una serie de variables e indicadores empresariales que ofrecen un panorama general de las micros, pequeñas y medianas empresas (mipymes) de varios distritos y cantones de la región Pacífico Central. El objetivo es diagnosticar la situación empresarial de las "mipymes" con el fin de identificar debilidades y fortalezas que permitan desarrollar estrategias para incrementar su competitividad. | ||
| 590 | |a RRH/MAYO2014 | ||
| 650 | |a COMPETITIVIDAD | ||
| 650 | |a EMPRESAS | ||
| 650 | |a DIAGNOSTICO | ||
| 650 | |a CRECIMIENTO ECONOMICO | ||
| 650 | |a MERCADEO | ||
| 650 | |a COSTA RICA | ||
| 700 | |a García Cousin, Kathia | ||
| 773 | |g volumen30, número1 (2012), páginas 345-369 : tablas, gráficos | ||
| 999 | |c 18480 |d 18480 | ||
